000 00786cam a2200205 4500
008 090401t1998 xxu||||| |||| 00| 0 eng d
020 _a0117021547
035 _a(Sirsi) u85208
041 _aeng
050 _a692.8
110 _aProperty Advisers to the Civil Estate
_93610
245 _aGC/Works/4 1998 : contract for building, civil engineering, mechanical and electrical small works : general conditions.
250 _a(New ed.)
260 _aLondon
_bStationery Office
_c1998
300 _avi,29p. ; 30cm.
350 _a30
520 _aFor Model Forms and Commentary see M91175. Replaces C1001 (1990). General purpose contract aimed at small works projects including building, civil engineering, mechanical and electrical services.
942 _n0
948 _c26/03/1998
999 _c97022
_d97022